000 00265nam a22001217a 4500
999 _c534039
_d534039
040 _cDLC
082 _a822.3
100 _a Emma Smith
_928156
245 _aChristopher Marlowe the plays
260 _aGreat Britain
_cc2000
300 _a546;p
942 _2ddc
_cBK